Datum a čas kvízu
31.5
Celkem bodů
Celkový počet nahraných bodů na tomto kvízu bez doplňovacích otázek.
1.
Pořadí na kvízu
Konečné umístění týmu na tomto kvízu.
Zaznamenané odpovědi
| # | Otázka | Odpověď | Body | Výsledky |
|---|---|---|---|---|
| 1. | V sobotu se uskutečnila vzpomí... | Panenské Břežany | 0 | |
| 2. | Aukční síň Freeman’s-Hindman u... | Abraham Lincoln | 1 | |
| 3. | V pondělí nalezli francouzští... | Jim Morrison | 1 | |
| 4. | Kmen Marubo z Amazonského pral... | C) na pornu | 1 | |
| 5. | O víkendu se poblíž jednoho mě... | Nové Město na Moravě | 1 | |
| 6. | V tomto tématu se podíváme na... | Robert Kennedy | 1 | |
| 7. | Podívejte se pozorně na tvář t... | Watson | 0 | |
| 8. | Tentokrát nás zajímá příjmení... | Dana Hlaváčová; Dora | 1 | |
| 9. | Jak se jmenuje tento muž? Tent... | Etzler; novinář | 1 | |
| 10. | Napište jméno i příjmení této... | Kristýna Plíšková; Dávid Hancko | 0.5 |